| 000 | 00512cam a2200169 4500500 | ||
|---|---|---|---|
| 005 | 20260329003534.0 | ||
| 041 | _afre | ||
| 042 | _adc | ||
| 100 | 1 | 0 |
_aRogé, Antoine _eauthor |
| 245 | 0 | 0 | _aFoie gras maison façon Leibniz |
| 260 | _c2015. | ||
| 500 | _a74 | ||
| 690 | _aCuisine | ||
| 690 | _aRecette | ||
| 786 | 0 | _nPhilosophie magazine | 95 | 12-1 | 2015-12-01 | p. 97-98 | 1951-1787 | |
| 856 | 4 | 1 | _uhttps://shs.cairn.info/magazine-philosophie-magazine-2015-12-1-page-97?lang=fr&redirect-ssocas=7080 |
| 999 |
_c1825420 _d1825420 |
||